[Event "GRE-chT Online Rapid op 1st"]
[Site "Tornelo INT"]
[Date "2021.02.21"]
[Round "6.36"]
[White "Gkavardinas, Christos Konstantin"]
[Black "Lampou, Marianta"]
[Result "1-0"]
[WhiteElo "1353"]
[BlackElo "1184"]
[PlyCount "135"]
[EventDate "2021.02.20"]
[EventType "team-swiss (rapid)"]
[EventRounds "9"]
[EventCountry "GRE"]
[SourceTitle "EXT 2023"]
[Source "ChessBase"]
[SourceDate "2022.10.05"]
[SourceVersion "1"]
[SourceVersionDate "2022.10.05"]
[SourceQuality "1"]

1. d4 d5 2. c4 c6 3. Nc3 Nf6 4. Nf3 e6 5. Bg5 dxc4 6. a4 b5 7. axb5 cxb5 8. Nxb5 Qb6 9. Na3 Bxa3 10. bxa3 Qa5+ 11. Qd2 c3 12. Qc2 Bb7 13. Bxf6 gxf6 14. a4 Bxf3 15. exf3 Ke7 16. Rc1 Rd8 17. Qxc3 Qxc3+ 18. Rxc3 Rxd4 19. Rc7+ Nd7 20. Bb5 Kd8 21. Rc2 a6 22. Bc6 Rc8 23. 0-0 Ne5 24. Be4 f5 25. Rxc8+ Kxc8 26. Bc2 Rc4 27. Bb3 Rc3 28. Rb1 Nd3 29. Kf1 Kc7 30. Bd1 Kc6 31. Ke2 Rc1 32. Rb8 Kc7 33. Rf8 Nf4+ 34. Kd2 Rc6 35. Rxf7+ Kd6 36. g3 Nd5 37. Rxh7 Rc8 38. Ra7 Rc6 39. Be2 Nb4 40. h4 Rc2+ 41. Kd1 Rc8 42. Bxa6 Rd8 43. Bb5 Kc5+ 44. Rd7 Rh8 45. Kd2 Kb6 46. Rd6+ Kc7 47. Rxe6 Kd8 48. Kc3 Nd5+ 49. Kd4 Ne7 50. a5 Nc8 51. a6 f4 52. Kd5 Rh5+ 53. Re5 Ne7+ 54. Ke4 Rh6 55. Rxe7 Kxe7 56. a7 Rh8 57. Bc6 fxg3 58. fxg3 Kf6 59. a8Q Rxa8 60. Bxa8 Kg7 61. g4 Kg6 62. f4 Kg7 63. Kf5 Kh6 64. g5+ Kh5 65. g6 Kh6 66. Kf6 Kh5 67. g7 Kh6 68. g8Q 1-0

[Event "GRE-chT Online Rapid op 1st"]
[Site "Tornelo INT"]
[Date "2021.02.21"]
[Round "5.30"]
[White "Lampou, Marianta"]
[Black "Deligiannis, Paraskevas1111"]
[Result "0-1"]
[WhiteElo "1184"]
[BlackElo "2052"]
[PlyCount "48"]
[EventDate "2021.02.20"]
[EventType "team-swiss (rapid)"]
[EventRounds "9"]
[EventCountry "GRE"]
[SourceTitle "EXT 2023"]
[Source "ChessBase"]
[SourceDate "2022.10.05"]
[SourceVersion "1"]
[SourceVersionDate "2022.10.05"]
[SourceQuality "1"]

1. e4 c5 2. Nf3 g6 3. d4 cxd4 4. Qxd4 Nf6 5. Bb5 a6 6. e5 axb5 7. exf6 Nc6 8. Qe3 b4 9. fxe7 Bxe7 10. 0-0 0-0 11. c3 d5 12. Nd4 Bf6 13. Nxc6 bxc6 14. Rd1 Qd6 15. Bd2 Bf5 16. a3 Rfe8 17. axb4 Rxa1 18. Qxe8+ Kg7 19. Qe1 Ra2 20. Qe2 Qe5 21. Be3 Qe4 22. Na3 Bxc3 23. g4 Rxb2 24. Qf1 Qxg4+ 0-1

[Event "GRE-chT Online Rapid op 1st"]
[Site "Tornelo INT"]
[Date "2021.02.20"]
[Round "4.17"]
[White "Tsaknakis, Zisis"]
[Black "Lampou, Marianta"]
[Result "1-0"]
[WhiteElo "2236"]
[BlackElo "1184"]
[PlyCount "71"]
[EventDate "2021.02.20"]
[EventType "team-swiss (rapid)"]
[EventRounds "9"]
[EventCountry "GRE"]
[SourceTitle "EXT 2023"]
[Source "ChessBase"]
[SourceDate "2022.10.05"]
[SourceVersion "1"]
[SourceVersionDate "2022.10.05"]
[SourceQuality "1"]

1. d4 d5 2. c4 c6 3. cxd5 cxd5 4. Nc3 Nc6 5. e4 dxe4 6. d5 Ne5 7. Qa4+ Nd7 8. Qxe4 Ngf6 9. Qc2 Nb6 10. Bb5+ Bd7 11. Be2 Nfxd5 12. Nxd5 Nxd5 13. Nf3 Rc8 14. Qb3 Bc6 15. 0-0 e6 16. Ne5 Qc7 17. Nxc6 bxc6 18. Qc4 Bd6 19. g3 0-0 20. Bd2 Rfd8 21. Rac1 Nb6 22. Qc2 Nd5 23. a3 Qb6 24. Bd3 h6 25. Bc4 Be5 26. b4 c5 27. b5 Nc7 28. a4 Rd7 29. a5 Qd6 30. Be3 Na8 31. Ba2 Rdc7 32. Bb1 f5 33. Ba2 Kf7 34. Qxf5+ Ke7 35. Qg4 g5 36. Bc4 1-0